MDQL
is popping MORE tags! Check the
thread
!
Quizzes
Events
Quiz Creation
Community
Videos
Private Events
Remove Ads
Sign In
Join for FREE
Feedback
Dark Mode
Quiz Categories
Sports
Geography
Music
Movies
Television
Just For Fun
Miscellaneous
History
Literature
Language
Science
Gaming
Entertainment
Religion
Holiday
For Kids
Quiz Lab
Recent
Popular Today
Quiz Kudos Today
Editor Picks
Curator Picks
Quizzes by...
Day
Popularity
Type
Ratings
Length
Year
Community
Subscriptions
Recent Discussions
Orange Saloon
Badges
Playlists
Quests
Create
Leaderboards
Showdown
Live 5
Trivia Bingo
Activity
Puzzle Library
Sporcle Events
Private Events
Virtual Trivia
Globe League
Become a Host
Pub Owners
SporcleCon
Opinionation
Our Games
Videos
Blog
Mobile Apps
Partnerships
Remove Ads and Go Orange
Feedback
History
US Presidents
World Leaders
Politics
Nation
Discovery
War
Decade
Year
Century
Biography
Art
History
US Presidents
World Leaders
Politics
Nation
Discovery
War
Decade
Year
Century
Biography
Art
Random Quiz
Search Sporcle
×
Quiz Lab
Quiz Lab
History
Popular
Type in answers that appear in a list
Type in answers that appear in a list
Classic
Best Score? Go Orange.
States Carried By 1984 Candidates Stats
Can you name the states that were carried by the 1984 presidential candidates?
By
SMFAussieRobbo
15m
51 Questions
101 Plays
101 Plays
101 Plays
Comments
Comments
Give Quiz Kudos
Give Quiz Kudos
-
- Ratings
hide this ad
Forced Order
Answers have to be entered in order
Answers have to be entered in order
Replay
Link that replays current quiz
Next Quiz
Link to next quiz in quiz playlist
You Got
0%
They Got
Avg Score
88%
Avg Friend Score
Upgrade to see
Score Distribution
Jump to the score distribution portion of the page
Score
0/51
Timer
15:00
0
Plays Today
Popular Vote Percentage
State
% Correct
85.38%
D.C.
100%
72.36%
Idaho
96%
74.50%
Utah
96%
70.55%
Nebraska
95%
70.51%
Wyoming
94.1%
66.65%
Alaska
93.1%
64.84%
North Dakota
93.1%
63.00%
South Dakota
93.1%
63.61%
Texas
93.1%
60.54%
Alabama
92.1%
66.42%
Arizona
92.1%
60.17%
Georgia
92.1%
66.27%
Kansas
92.1%
68.61%
Oklahoma
92.1%
60.47%
Arkansas
91.1%
61.85%
Mississippi
91.1%
68.66%
New Hampshire
91.1%
60.09%
New Jersey
91.1%
59.70%
New Mexico
91.1%
63.44%
Colorado
90.1%
65.32%
Florida
90.1%
61.67%
Indiana
90.1%
60.04%
Kentucky
90.1%
60.77%
Louisiana
90.1%
59.23%
Michigan
90.1%
60.47%
Montana
90.1%
Popular Vote Percentage
State
% Correct
65.85%
Nevada
90.1%
61.90%
North Carolina
90.1%
63.55%
South Carolina
90.1%
62.29%
Virginia
90.1%
60.83%
Maine
89.1%
60.02%
Missouri
89.1%
60.73%
Connecticut
88.1%
59.78%
Delaware
88.1%
58.90%
Ohio
88.1%
57.92%
Vermont
88.1%
57.51%
California
87.1%
56.17%
Illinois
85.1%
57.84%
Tennessee
85.1%
55.91%
Oregon
84.2%
55.82%
Washington
84.2%
55.10%
Hawaii
83.2%
55.11%
West Virginia
83.2%
54.19%
Wisconsin
81.2%
49.72%
Minnesota
79.2%
53.84%
New York
79.2%
53.27%
Iowa
78.2%
53.34%
Pennsylvania
78.2%
52.51%
Maryland
77.2%
51.22%
Massachusetts
76.2%
51.66%
Rhode Island
76.2%
Quiz Playlist
Details
Report
Send in Message
Add To Playlist
Classic:
Type in answers that appear in a list
Forced Order:
Answers have to be entered in order
Last Updated: May 7, 2017
Quiz Scoreboard
CHALLENGE
Sign Up to Join the Scoreboard
Show All
Scores
Hide
Comments
May contain spoilers
Recently Published
Colored Red Africa Blitz
by spor1
Geography
30s
Find the 'City' Movie
by crazypaving
Movies
60s
5x2 Blitz: Bands
by SL_Kpop136
Music
30s
More to Explore
Quiz From the Vault
Featured Blog Post
14 Easter Pick-up Lines to Find Eggs With
hide this ad
You Might Also Like...
Tags
Popular Quiz
State Quiz
1984
candidate
election
Percentage
Vote
Today's Top Quizzes in History
Browse History
hide this ad
Today's Top Quizzes in Popular
Browse Popular
Top Contributed Quizzes in History
1
I Am Born On March 29th
2
Order Up: 1000 Years of World Events I
3
US National Parks Named After People
4
Popular People in 1951
5
Popular People in 1991
6
Popular People in 1941
7
Popular People in 1921
8
Popular People in 1981
9
Popular People in 1986
10
Popular People in 1976
Explore More
Trending Topics
Crossword
Harry Potter
Kpop
NBA
Disney
Marvel
Anime
The Office
Soccer
Pokémon
Song
NFL
Puzzle
WWE
Country
hide this ad
More By:
SMFAussieRobbo
Quiz
Plays
Rating
Category
Featured
Created
Most Republican State In Each Election
174
5.00
History
Jan 24, 2017
Last Time Each State Voted Dem. And Rep. (2016)
163
4.00
History
Dec 25, 2016
Most Democratic State In Each Election
159
3.67
History
Jan 23, 2017
States Carried By 1972 Candidates
117
History
Apr 23, 2017
Who Carried California In Each Election?
117
5.00
History
Jan 29, 2017
Go to Creator's Profile
Score Distribution
Quiz Creator Spotlight
SMFAussieRobbo
Follow
Send a Message
Quizzes Created
-
Created Quiz Play Count
-
More By This Creator
Popular Quizzes Today
1
Colored Red Africa Blitz
2
Find the US States - No Outlines Minefield
3
Find the 'City' Movie
4
5x2 Blitz: Bands
5
The Countries of the World
6
Find the US States
7
Find the Countries of Europe - No Outlines Minefield
8
US States
More History Quizzes
2017 in Pictures
Published
Trending Quizzes
Colored Red Europe Blitz I
Colored Red Europe Blitz II
Colored Red Africa Blitz II
Colored Red Europe Blitz III
Colored Red Africa Blitz III
Recently Updated
How Do You Spell That?
pecheneg
Godzilla Movies
pecheneg
Grab Bag: 4-10 Letters
pecheneg
2024 March Madness Bracket
pecheneg
Famous TV Couples
Peacemaker
Champions League XIs: Real Madrid
pecheneg
Largest US Cities 1790-2010
pecheneg
Rides in Walt Disney World
pecheneg
Most Oscar Losses (Acting)
pecheneg
Beyoncé Albums
pecheneg
Trending Topics
NBA
Harry Potter
Anime
Marvel
Crossword
Kpop
Disney
Pokémon
NFL
WWE
The Office
Puzzle
Song
Country
Soccer
Your Account Isn't Verified!
In order to create a playlist on Sporcle, you need to verify the email address you used during registration. Go to your
Sporcle Settings
to finish the process.
Report this User
Report this user for behavior that violates our
Community Guidelines
.
Details:
Send Report
Go to the Sporcle.com Mobile Site →
Comments